Vận dụng các phương pháp dạy học toán vào việc thiết kế giáo án điện tử môn hình học lớp 11 (Sách nâng cao)
Các phương pháp dạy học toán không truyền thống...Các phương pháp dạy học toán truyền thống...Lợi ích của giáo án điện tử trong dạy học môn toán...Mặt tiêu cực của giáo án điện tử trong dạy học môn toán..Nội dung cơ bản của hình học 11...Vận dụng vào thực tiễn......
Tallennettuna:
| Päätekijä: | |
|---|---|
| Muut tekijät: | |
| Aineistotyyppi: | Kirja |
| Kieli: | Vietnamese |
| Julkaistu: |
Đại học Sư Phạm
Đại học Đà Nẵng
2011
|
| Aiheet: | |
| Tagit: |
Lisää tagi
Ei tageja, Lisää ensimmäinen tagi!
|
| Thư viện lưu trữ: | Mạng thư viện Đại học Đà Nẵng |
|---|
| LEADER | 01615nam a2200325 4500 | ||
|---|---|---|---|
| 001 | 000011493 | ||
| 003 | 7741 | ||
| 005 | 20120206090200.0 | ||
| 008 | 120206s2011 viesd | ||
| 041 | |a vie | ||
| 072 | |a Khóa luận tốt nghiệp -Sư phạm toán | ||
| 082 | |a 373.238028 |b PH-D | ||
| 100 | 1 | |a Phạm, Thùy Dung | |
| 245 | 1 | |a Vận dụng các phương pháp dạy học toán vào việc thiết kế giáo án điện tử môn hình học lớp 11 (Sách nâng cao) |c Phạm, Thùy Dung | |
| 260 | |a Đại học Sư Phạm |b Đại học Đà Nẵng |c 2011 | ||
| 300 | |a 62 tr. |b Hình ảnh |c 29 cm. | ||
| 500 | |a Khóa luận tốt nghiệp | ||
| 520 | |a Các phương pháp dạy học toán không truyền thống...Các phương pháp dạy học toán truyền thống...Lợi ích của giáo án điện tử trong dạy học môn toán...Mặt tiêu cực của giáo án điện tử trong dạy học môn toán..Nội dung cơ bản của hình học 11...Vận dụng vào thực tiễn... | ||
| 653 | |a Hình học lớp 11 | ||
| 700 | |a Ngô, Thị Bích Thủy |c Người hướng dẫn |e Th.S | ||
| OWN | |a LSP | ||
| AVA | |a UDN50 |b LSP |d 373.238028 PH-D |e available |t Error 5001 Not defined in file expand_doc_bib_avail. |f 1 |g 0 |h N |i 0 |k 1 | ||
| 999 | |a From the UDN01 | ||
| AVA | |a UDN50 |b LSP |d 373.238028 PH-D |e available |t Error 5001 Not defined in file expand_doc_bib_avail. |f 1 |g 0 |h N |i 0 |k 1 | ||
| TYP | |a Monograph | ||
| TYP | |a Printed language | ||
| 980 | |a Mạng thư viện Đại học Đà Nẵng | ||